Wiedza ogólna o Oceanie Spokojnym - Statystyki

Ogólne statystyki
  • Ten quiz został rozwiązany 819 razy
    802 od ostatniego zresetowania
  • Średni wynik to 12 z 20
Statystyki odpowiedzi
Pytanie Odpowiedź % Poprawnych
Jak nazywa się najgłębszy rów na Ziemii? Rów {Mariański}
98%
Które trzy główne regiony Oceanii kończą się na "nezja"? {Mikro}nezja
86%
Jaka amerykańska baza morska na Hawajach została zaatakowana przez Japonię 7 grudnia 1941 roku? Pearl Harbor
83%
Która wyspa, znana również jako Rapa Nui, słynie z posągów gigantycznych głów? Wyspa Wielkanocna
81%
Które trzy główne regiony Oceanii kończą się na "nezja"? {Poli}nezja
80%
Które miasto jest największe nad tym oceanem i leży w delcie rzeki Jangcy? Szanghaj
76%
Które państwo położone nad Pacyfikiem ma najmniejszą liczbę ludności? Nauru
72%
Częścią jakiego kraju jest ta wyspa? Chile
70%
Który kraj kontroluje Wyspy Towarzystwa, do których należą Tahiti i Bora Bora? Francja
67%
Które miasto rosyjskie jest najludniejsze nad Pacyfikiem? Władywostok
65%
Które morze Oceanu Spokojnego graniczy z 10 różnymi państwami, a Chiny próbują rościć sobie prawa do niemal całego jego obszaru? Morze Południowochińskie
62%
Który duży półwysep Meksyku wcina się w Pacyfik? Półwysep Kalifornijski
62%
Który region otaczający Pacyfik jest odpowiedzialny za 90% trzęsień ziemi na świecie? Pierścień {Ognia}
60%
Jaka jest największa wyspa na Pacyfiku? Nowa Gwinea
48%
Które morze, nazwane na cześć holenderskiego odkrywcy, oddziela Nową Zelandię od Australii? Morze Tasmana
46%
Która japońska wyspa była miejscem najkrwawszej bitwy na Pacyfiku podczas II wojny światowej? Okinawa
45%
Które trzy główne regiony Oceanii kończą się na "nezja"? {Mela}nezja
38%
Którą linię, znajdującą się mniej więcej na 180° długości geograficznej, można uznać za przeciwieństwo południka Greenwich? Linia zmiany daty
37%
Który wulkan na Hawajach jest najwyższą górą na świecie, mierząc od podstawy na dnie oceanu? Mauna Kea
34%
Który łańcuch wysp na Alasce rozciąga się na długości ponad 1900 kilometrów? Aleuty
31%
Nie znaleziono quizów pasujących do podanych kryteriów
Rozkład punktacji
Procent ludzi z każdym wynikiem
Percentyl według liczby udzielonych odpowiedzi
Twoja historia wyników
Nie rozwiązałeś tego quizu od ostatniego zresetowania